000 00297nam a2200109Ia 4500
008 200302s9999 xx 000 0 und d
100 _aKamaladevi Chattopadhyaya
245 _aCarpets and Floor coverings of India
260 _bTaraporevala Sons and Co. Pvt. Ltd.
260 _c1976
300 _a71 P.,
999 _c4086
_d4086